000
00245nam a22000857a 4500
008
161108b xxu||||| |||| 00| 0 eng d
100
_9
1097
_a
Chatterjee s
245
_a
A Revolutionary Scientist EINSTEIN and his ideas
260
_a
New Delhi
_b
N B T
_c
2007
999
_c
3758
_d
3758